[Event "ROM-ch U20"]
[Site "Baile Tusnad"]
[Date "2000.05.07"]
[Round "5"]
[White "Kostici, Daniel"]
[Black "Stanculescu, Claudiu"]
[Result "1/2-1/2"]
[WhiteElo "1812"]
[BlackElo "1900"]
[PlyCount "82"]
[EventDate "2000.05.03"]
[EventType "swiss"]
[EventRounds "9"]
[EventCountry "ROU"]
[SourceTitle "EXT 2004"]
[Source "ChessBase"]
[SourceDate "2003.11.25"]
[SourceVersion "1"]
[SourceVersionDate "2003.11.25"]
[SourceQuality "1"]

1. d4 d5 2. Nf3 Bf5 3. c4 e6 4. Nc3 Nf6 5. Bg5 c6 6. e3 Nbd7 7. cxd5 exd5 8. Bd3 Bxd3 9. Qxd3 Be7 10. 0-0 0-0 11. a3 h6 12. Bxf6 Nxf6 13. Rfc1 Rc8 14. b4 a6 15. Rc2 Nd7 16. Na4 b5 17. Nc5 Nxc5 18. dxc5 Bf6 19. Re1 a5 20. Nd4 axb4 21. axb4 Bxd4 22. exd4 Ra8 23. Rce2 Qf6 24. g3 g6 25. h4 Ra4 26. Qd2 Kg7 27. Re7 Rfa8 28. Rc7 Ra2 29. Qf4 Qxf4 30. gxf4 Rb2 31. Ree7 Rf8 32. Rxc6 Rxb4 33. Kg2 Rxd4 34. Kg3 h5 35. Rb7 b4 36. Rd6 Rd3+ 37. f3 b3 38. c6 d4 39. c7 Rc3 40. Rxd4 Rc8 41. Rdb4 R8xc7 1/2-1/2